000 00210 a2200097 4500
001 2985
100 _a
245 _aH/B of library training practicel vol2
260 _a
_bGower pub co
_c
090 _c2273
_d2273
942 _aNUST-CAE
_cM
_c14147
999 _c238058
_d238058